| 000 | 05014nam a2200253 4500 | ||
|---|---|---|---|
| 003 | NALT | ||
| 005 | 20260217103857.0 | ||
| 008 | 260211b th ||||| |||| 00| 0 tha d | ||
| 040 | _aNALT | ||
| 090 | _aELR 206/1 2568 | ||
| 100 | 0 |
_aนารี กิตติสมบูรณ์สุข _962898 |
|
| 245 | 1 | 0 |
_aการจัดทำร่างระเบียบและประกาศตามข้อบังคับการประชุมสภาผู้แทนราษฎร พ.ศ. 2562 ข้อ 12 ข้อ 15 ข้อ 18 และข้อ 173 / _cนารี กิตติสมบูรณ์สุข. |
| 246 | 3 | 0 | _aผลงานหรือผลสำเร็จของงานที่เกิดจากการปฏิบัติงานในตำแหน่งหน้าที่ความรับผิดชอบ. |
| 260 |
_aกรุงเทพฯ : _bสำนักงานเลขาธิการสภาผู้แทนราษฎร, _c2568. |
||
| 300 |
_a122 หน้า : _bภาพประกอบ, ตาราง ; _c30 ซม. |
||
| 505 | 2 | _aบทที่ 1 บทนำ -- 1.1 ความเป็นมาและความสำคัญของปัญหา -- 1.2 วัตถุประสงค์ของการดำเนินการ -- 1.3 ขอบเขตและวิธีการดำเนินการ -- 1.4 ประโยชน์ที่คาดว่าจะได้รับ -- บทที่ 2 แนวคิด ทฤษฎี และหลักกฎหมายที่เกี่ยวข้อง -- 2.1 แนวคิดพื้นฐานทางทฤษฎีเกี่ยวกับการตราข้อบังคับการประชุมสภาขององค์กรฝ่ายนิติบัญญัติ -- 2.2 ข้อพิจารณาเกี่ยวกับข้อบังคับการประชุมสภา และความสัมพันธ์เชื่อมโยงระหว่างรัฐธรรมนูญและข้อบังคับการประชุมสภาผู้แทนราษฎร และระเบียบและประกาศที่ออกโดยอาศัยอำนาจตามข้อบังคับการประชุมสภาผู้แทนราษฎร -- 2.3 ข้อพิจารณาเกี่ยวกับระเบียบและประกาศที่ออกโดยอาศัยอำนาจตามข้อบังคับการประชุมสภาผู้แทนราษฎร พ.ศ. 2562 ข้อ 12 ข้อ 15 ข้อ 18 และข้อ 173 -- 2.4 หลักการพื้นฐานการร่างกฎหมาย -- 2.5 แนวคิดการตรากฎหมายลำดับรอง -- 2.6 แบบของร่างระเบียบและประกาศที่ออกโดยอาศัยอำนาจตามข้อบังคับการประชุมสภาผู้แทนราษฎร -- บทที่ 3 วิธีการศึกษา -- 3.1 วิธีการศึกษา -- 3.2 ขั้นตอนการศึกษา -- 3.3 วิธีการเก็บข้อมูล -- บทที่ 4 ผลการศึกษา -- 4.1 การจัดทำร่างระเบียบสภาผู้แทนราษฎร ตามข้อบังคับการประชุมสภาผู้แทนราษฎร พ.ศ. 2562 ข้อ 12 และข้อ 15 -- 4.2 การจัดทำร่างระเบียบสภาผู้แทนราษฎร ตามข้อบังคับการประชุมสภาผู้แทนราษฎร พ.ศ. 2562 ข้อ 18 วรรคสอง -- 4.3 การจัดทำร่างประกาศสภาผู้แทนราษฎร ตามข้อบังคับการประชุมสภาผู้แทนราษฎร พ.ศ. 2562 ข้อ 173 -- บทที่ 5 สรุปผลการศึกษา อภิปรายผล และข้อเสนอแนะ -- 5.1 สรุปผลการศึกษา -- 5.2 อภิปรายผลการศึกษา -- 5.3 ข้อเสนอแนะ. | |
| 650 | 4 |
_aข้อบังคับการประชุม _932770 |
|
| 650 | 4 |
_aสภาผู้แทนราษฎร _xข้อบังคับการประชุม _y2562 _945199 |
|
| 942 |
_2local _cIS |
||
| 996 |
_ajidapa.t _bACQSTF _c2026-02-11 |
||
| 996 |
_avaree.k _bLIBSTF _c2026-02-13 |
||
| 996 |
_asaiphon.d _bCATSTF _c2026-02-17 |
||
| 999 |
_c107764 _d107764 |
||
| 998 |
_j104 _k นางสาวสายฝน ดีงาม |
||